000 00272nam a22001217a 4500
008 170921b xxu||||| |||| 00| 0 eng d
041 _aeng
080 _24 ED
_a78
100 _a45
101 _aMUZ
245 _aTHE ENJOYMENT OF MUSIC
_cMACHLIS,J
942 _2udc
_cBK
999 _c28847
_d28847